00274nam a2200109Ia 4500008004100000100003100041245002500072260003700097300000800134942000700142999001500149190216s9999||||xx |||||||||||||| ||und|| aVerma Mm & Agarwal R K 0aFinancial Management bTata Mcgrawhill Publishersc1999 a320 cBK c8193d8193